000 00872nam a2200217Ii 4500
003 JO-AjNU
008 230605s9999||||xx |||||||||||||| ||und||
017 _a1995/8/773
040 _aJO-AjNU
_bara
_erda
_cJO-AjNU
041 _aara
050 1 4 _aBP173.43.M84 1995
100 3 _a المجمع الملكي لبحوث الحضارة الإسلامية ,
_eauthor
_940972
245 0 0 _aالموجز في الحقوق في الإسلام
264 3 1 _aد.م: المجمع الملكي لبحوث الحضارة الإسلامية(مؤسسة آل البيت)، 1995
300 _a126ص
336 _atext
_btxt
_2rdacontent
337 _aunmediated
_bn
_2rdamedia
338 _avolume
_bnc
_2rdacarrier
490 0 _aسلسلة ندوات الحوار بين المسلمين
650 4 _aالاسلام وحقوق الانسان- الاسلام والمجتمع
_940973
999 _aA17430
_c20998
_d20998